Lý luận phê bình văn học đầu thế kỷ XX
Wedi'i Gadw mewn:
| Prif Awdur: | |
|---|---|
| Fformat: | Llyfr |
| Iaith: | Undetermined |
| Cyhoeddwyd: |
H.
Giáo Dục
2001
|
| Pynciau: | |
| Tagiau: |
Ychwanegu Tag
Dim Tagiau, Byddwch y cyntaf i dagio'r cofnod hwn!
|
| Thư viện lưu trữ: | Trung tâm Học liệu Trường Đại học Cần Thơ |
|---|
| LEADER | 00589nam a2200205Ia 4500 | ||
|---|---|---|---|
| 001 | CTU_55635 | ||
| 008 | 210402s9999 xx 000 0 und d | ||
| 020 | |b 37000 | ||
| 082 | |a 895.92209 | ||
| 082 | |b T305 | ||
| 100 | |a Trần Mạnh Tiến | ||
| 245 | 0 | |a Lý luận phê bình văn học đầu thế kỷ XX | |
| 245 | 0 | |c Trần Mạnh Tiến | |
| 260 | |a H. | ||
| 260 | |b Giáo Dục | ||
| 260 | |c 2001 | ||
| 650 | |a vietnamese literature | ||
| 650 | |x history and criticism | ||
| 650 | |y 20th century | ||
| 980 | |a Trung tâm Học liệu Trường Đại học Cần Thơ | ||